Statistics for Primus albums

Click here to take the quiz!

General Stats

  • This quiz has been taken 90 times
  • The average score is 7 of 15

Answer Stats

Year and classificationAlbum% Correct
1990, StudioFrizzle fry
90%
1993, StudioPork soda
90%
1991, StudioSailing the seas of cheese
90%
1997, StudioBrown album
78%
1999, StudioAntipop
69%
1989, LiveSuck on this
65%
1995, StudioTales from the punchbowl
65%
2011, StudioGreen Naugahyde
50%
2017, StudioThe desaturating seven
50%
2014, StudioPrimus and the chocolate factory
40%
1998, Video albumVideoplasty
13%
1992, Video albumCheesy home video
12%
2003, Video albumAnimals should not try to act like people
10%
2006, Video albumBlame it on the fish: An abstract look at the 2003 Primus Tour de Fromage
7%
2004, Video albumHallucino-Genetics: live 2004
4%

Score Distribution

Percentile by Number Answered

Percent of People with Each Score

Your Score History

You have not taken this quiz